000 00376 a2200169 4500
001 44563
020 _a853225067x
040 _cAnchieta - Aquarius
100 _aMachado, Ana Maria
240 1 0 _aO barbeiro e o coronel
_lpor
245 1 0 _aO barbeiro e o coronel
300 _a31
362 0 _a2003
440 1 _aFTD
650 4 _aLiteratura infanto-juvenil
942 _cBK
999 _c44563
_d44563